000 00589nam a2200205 a 4500
008
049 _aMAIN
090 _aQA931
100 1 _aSingh, Sadhu.
245 1 0 _aTheory of plasticity :
_bA textbook for engineering students /
_cSadhu Singh.
250 _a2nd ed.
260 _aNew Delhi :
_bKhanna,
_c1990.
300 _aiii, 468 p. :
_bill. ;
_c22 cm.
504 _aIncludes bibliographical references.
907 _a.b1017722x
_b11-10-05
_c27-09-05
003
005 20230123134118.0
040 _cNUST
942 _cBOOKS
_kQA931
999 _c160241
_d160241